000 00467nam a2200181Ia 4500
001 20258
005 20260306172753.0
008 260306t1999||||xx |||||||||||||| ||spa||
041 _aESP
082 _a343.1
_bB74 T. 2
100 _aBorea Odría, Alberto
_eAUT
245 0 _aDerecho y estado de derecho:
_btratado de derecho constitucional
260 _c1999
300 _a607 páginas :
_c21 cm.
650 _aGEN
654 _aCDE
942 _cLIB
_dJUS
_fJUS
_2ddc
_n
999 _c20258
_d20258